[Event "AUTO-OPEN-3816"]
[Site "http://www.queenalice.com/game.php?id=1483236"]
[Date "2017.6.22"]
[Round "1"]
[White "Rojerryo"]
[Black "ericbs"]
[Result "1-0"]
[WhiteElo "1211"]
[BlackElo "1439"]

1. e4 e5 2. Nf3 Nf6 3. Nc3 Nc6 4. Bc4 Bb4 5. O-O Bxc3 6. dxc3 O-O 7. Bg5 h6 8.
Bh4 d6 9. b4 Be6 10. Qe2 a6 11. a4 1-0

[Event "AUTO-OPEN-3816"]
[Site "http://www.queenalice.com/game.php?id=1483238"]
[Date "2017.6.22"]
[Round "1"]
[White "italomachado"]
[Black "ericbs"]
[Result "1-0"]
[WhiteElo "1605"]
[BlackElo "1794"]

1. e4 e5 2. d4 exd4 3. Qxd4 Nc6 4. Qd2 Nf6 5. e5 Nxe5 6. Qe3 Qe7 7. Be2 Nc6 8.
Nc3 d5 9. Bb5 Bd7 10. Nf3 O-O-O 11. O-O Kb8 12. Qd3 a6 13. Ba4 Nb4 14. Qd4 Bxa4
15. Be3 b6 16. Rae1 Nxc2 17. Qxa4 Nxe1 18. Rxe1 Re8 19. Qxa6 d4 20. Nxd4 Qd6 21.
Ncb5 Qb4 22. Nc6# 1-0

[Event "Let's Play Chess!"]
[Site "http://www.queenalice.com/game.php?id=1483526"]
[Date "2017.6.24"]
[Round "-"]
[White "ericbs"]
[Black "zariuq"]
[Result "0-1"]
[WhiteElo "1439"]
[BlackElo "1064"]

1. e4 c5 2. Nf3 d5 3. Bb5+ Nd7 4. exd5 Nf6 5. Nc3 e6 6. dxe6 fxe6 7. Qe2 Qe7 8.
d4 a6 9. Bxd7+ Bxd7 10. dxc5 Qxc5 11. O-O Ng4 12. h3 Nf6 13. Be3 Qb4 14. Rab1
Bd6 15. a3 Qa5 16. Bd4 O-O 17. Nd2 Qc7 18. Nc4 Nd5 19. Nxd6 Qxd6 20. Nxd5 Qxd5
21. Rfd1 Bc6 22. f3 Bb5 23. Qf2 Rad8 24. Bxg7 Qxd1+ 0-1

[Event "Let's Play Chess!"]
[Site "http://www.queenalice.com/game.php?id=1483527"]
[Date "2017.6.24"]
[Round "-"]
[White "Nuzzera"]
[Black "ericbs"]
[Result "1-0"]
[WhiteElo "1478"]
[BlackElo "1597"]

1. d3 e5 2. Nf3 Nc6 3. Bg5 f6 4. Bh4 d5 5. d4 exd4 6. Nxd4 Nxd4 7. Qxd4 Be6 8.
e4 dxe4 9. Qxe4 Qd6 10. Qxb7 Rd8 11. Bd3 Bd5 12. Qxa7 Bxg2 13. Qe3+ Be7 14. Bg3
Qb4+ 15. Nc3 Bxh1 16. Bxc7 Qxb2 17. Bxd8 Qxc3+ 18. Ke2 Qxa1 19. Bb5+ Kxd8 20.
Qb6+ Kc8 21. Ba6+ Kd7 22. Qb5+ Bc6 23. Qf5+ Ke8 24. Qc8+ Kf7 25. Bc4+ Kg6 26.
Qxc6 Qe5+ 27. Kf1 Nh6 28. Qg2+ Qg5 29. Qe4+ Nf5 30. h4 Qxh4 31. Qg2+ Qg5 32. Qd5
Qc1+ 33. Kg2 1-0

[Event "AUTO-OPEN-3817"]
[Site "http://www.queenalice.com/game.php?id=1483746"]
[Date "2017.6.25"]
[Round "1"]
[White "juim"]
[Black "ericbs"]
[Result "1-0"]
[WhiteElo "1682"]
[BlackElo "1446"]

1. e4 e5 2. d4 exd4 3. Qxd4 d6 4. e5 Nc6 5. Qd1 dxe5 6. Be3 Qxd1+ 7. Kxd1 Nf6 8.
Bg5 Be7 9. Nc3 O-O 10. Bb5 Bd7 11. Bxf6 1-0

[Event "AUTO-OPEN-3817"]
[Site "http://www.queenalice.com/game.php?id=1483747"]
[Date "2017.6.25"]
[Round "1"]
[White "ericbs"]
[Black "juim"]
[Result "0-1"]
[WhiteElo "1454"]
[BlackElo "1675"]

1. e4 d5 2. exd5 Qxd5 3. Nf3 e6 4. Nc3 Qd8 5. d4 Bb4 6. Bd2 Nf6 7. a3 Bxc3 8.
Bxc3 O-O 9. Bb4 Re8 10. Bc4 Nc6 0-1

[Event "AUTO-OPEN-3817"]
[Site "http://www.queenalice.com/game.php?id=1483766"]
[Date "2017.6.25"]
[Round "1"]
[White "Magro_de_Riga"]
[Black "ericbs"]
[Result "1-0"]
[WhiteElo "1892"]
[BlackElo "1454"]

1. e4 e5 2. f4 d5 3. exd5 e4 4. d3 Qxd5 5. Nc3 Bb4 6. Bd2 Bxc3 7. Bxc3 Nf6 8.
Bxf6 gxf6 9. Qe2 f5 10. Nf3 Nc6 11. a3 1-0

[Event "AUTO-OPEN-3817"]
[Site "http://www.queenalice.com/game.php?id=1483767"]
[Date "2017.6.25"]
[Round "1"]
[White "ericbs"]
[Black "Magro_de_Riga"]
[Result "0-1"]
[WhiteElo "1454"]
[BlackElo "1890"]

1. e4 e5 2. Nf3 Nc6 3. Bb5 a6 4. Ba4 Nf6 5. O-O b5 6. Bb3 Be7 7. Re1 Bb7 8. c3
O-O 9. d4 exd4 10. cxd4 d6 11. Nc3 Na5 0-1

[Event "AUTO-OPEN-3817"]
[Site "http://www.queenalice.com/game.php?id=1483778"]
[Date "2017.6.25"]
[Round "1"]
[White "ericbs"]
[Black "Nille"]
[Result "0-1"]
[WhiteElo "1463"]
[BlackElo "1794"]

1. e4 e5 2. Nf3 d6 3. d4 exd4 4. Nxd4 h6 5. Nc3 Nf6 6. Be2 Be7 7. O-O a6 8. h3
c5 9. Nf5 Bxf5 10. exf5 Nc6 11. Nd5 Nxd5 12. Qxd5 Qb6 13. Bh5 O-O 14. b3 Nb4 0-1

[Event "AUTO-OPEN-3817"]
[Site "http://www.queenalice.com/game.php?id=1483779"]
[Date "2017.6.25"]
[Round "1"]
[White "Nille"]
[Black "ericbs"]
[Result "1-0"]
[WhiteElo "1797"]
[BlackElo "1459"]

1. e4 e5 2. Nf3 Nf6 3. d3 Bc5 4. h3 Nc6 5. Nc3 d6 6. a3 O-O 7. Bg5 h6 8. Bh4 g5
9. Bg3 Nd4 10. Na4 Nxf3+ 11. Qxf3 Nh7 12. Nxc5 dxc5 13. c4 Be6 14. Bxe5 1-0

[Event "Challenge"]
[Site "http://www.queenalice.com/game.php?id=1483843"]
[Date "2017.6.26"]
[Round "-"]
[White "ericbs"]
[Black "sabat"]
[Result "0-1"]
[WhiteElo "1475"]
[BlackElo "2287"]

1. e4 c6 2. d4 d5 3. exd5 cxd5 4. Nc3 Bf5 5. Bd3 Bxd3 6. Qxd3 e6 7. Nge2 Bd6 8.
O-O Nf6 9. Bg5 Nc6 10. f4 O-O 11. Rad1 a6 12. Rf3 Be7 0-1